|
|
|
|
| LEADER |
00850pam a22002538a 4500 |
| 001 |
00025184 |
| 005 |
20171026081023.0 |
| 008 |
110801s1999 ||||||viesd |
| 041 |
0 |
# |
|a vie
|
| 082 |
1 |
4 |
|a 428
|b A100M
|
| 100 |
1 |
# |
|a Hartley, Bernard
|
| 245 |
1 |
0 |
|a American streamline
|b Destinations
|c Bernard Hartley, Peter Viney ; Người dịch: Trần Văn Thành...[và nh.ng.khác]
|
| 260 |
# |
# |
|a Tp. Hồ Chí Minh
|b Trẻ
|c 1999
|
| 300 |
# |
# |
|a 376tr.
|b hình vẽ
|c 21 cm.
|
| 650 |
# |
4 |
|a Hội thoại
|
| 650 |
# |
4 |
|a Tiếng anh
|
| 700 |
1 |
# |
|a Nguyễn Thanh Yến
|e Dịch
|
| 700 |
1 |
# |
|a Trần Văn Thành
|e Dịch
|
| 700 |
1 |
# |
|a Viney, Peter
|
| 852 |
# |
# |
|b Kho đọc
|j KD.0008847
|
| 852 |
# |
# |
|j KD.0008847
|
| 910 |
|
|
|d 01/08/2011
|
| 980 |
# |
# |
|a Trung tâm Học liệu Lê Vũ Hùng, Trường Đại học Đồng Tháp
|